000 01460nam a2200301 a 4500
005 20191224042315.0
008 161128s2011 ck abd|| |||| 00| 0 spa d
020 _a9789589991015
040 _aCO-BoIAVH
_cCO-BoIAVH
041 0 _aspa
044 _ack
082 0 4 _a591.68
_bR91f
100 1 _aRueda-Almonacid, José Vicente
_eautor
245 1 0 _aFauna silvestre amenazada del departamento de la Guajira Colombia /
_cJosé Vicente Rueda-Almonacid [y otros 3]
260 _aBogotá?, Colombia :
_bCorporación Autónoma Rgional de La Guajira,
_c2011.
300 _a202 páginas :
_bilustraciones a color, mapas y gráficas ;
_c15 x 11 cm.
504 _aIncluye referencias bibliográficas.
650 2 6 _aFauna
_xEspecies en peligro de extinción
_zLa Guajira (Departamento, Colombia)
650 2 6 _aInvertebrados
_xEspecies en peligro de extinción
_zLa Guajira (Departamento, Colombia)
650 2 6 _aReptiles
_xEspecies en peligro de extinción
_zLa Guajira (Departamento, Colombia)
650 2 6 _aAves
_xEspecies en peligro de extinción
_zLa Guajira (Departamento, Colombia)
650 2 6 _aMamíferos
_xEspecies en peligro de extinción
_zLa Guajira (Departamento, Colombia)
700 1 _aAmézquita, Adolfo
_eautor
700 1 _aAndrade C., M. Gonzalo
_eautor
700 1 _aCortés, Oswaldo
_eautor
710 2 _aCorporación Autónoma Regional de la Guajira
942 _2ddc
_cLIBRO
999 _c19144
_d19144